| 000 | 02129nam a2200289 i 4500 | ||
|---|---|---|---|
| 001 | BPP | ||
| 003 | BPK | ||
| 005 | 20190610114320.0 | ||
| 008 | 140715s1988 pl f |000 0 pol | ||
| 040 | _cBPK | ||
| 080 | _a006.91 | ||
| 080 | _a621.9 | ||
| 100 |
_aKARPIŃSKI, Tadeusz. _d1970 - 1996. _bWyższa Szkoła Inżynierska w Koszalinie - Wydział Mechaniczny, _cZakład Technologii Maszyn |
||
| 245 |
_aMetoda i aparatura optyczno-elektroniczna do automatycznej kontroli struktury geometrycznej powierzchni w procesach obróbki mechanicznej. _nEtap 3, _pRozwój nowych metod badania i pomiaru wielkości geometrycznych / _cTadeusz Karpiński, Czesław Łukianowicz, Jerzy Giedrys, Tadeusz Kochaniewicz, Tatiana Łukianowicz, Janusz Raniszewski, Marek Wardecki. |
||
| 260 |
_aKoszalin, _c1988. |
||
| 500 | _aDane z autopsji. | ||
| 520 | _aW trzecim etapie pracy zakończono budowę stanowiska badawczego z kamerą TV i system MSM, opracowano dla zbudowanego stanowiska oprogramowanie umożliwiające wyznaczenie wartości i parametrów indykatrysy rozproszenia oraz przeprowadzono badania doświadczalne. | ||
| 650 | _aAparatura naukowo-badawcza. | ||
| 650 | 0 | _aInżynieria powierzchni | |
| 700 |
_aGIEDRYS, Jerzy. _d1983 - 1989 _bWyższa Szkoła Inżynierska w Koszalinie - Wydział Mechaniczny, _cZakład Technologii Maszyn |
||
| 700 |
_aŁUKIANOWICZ, Tatiana. _d1973 - 1996. _bWyższa Szkoła Inżynierska w Koszalinie - Wydział Mechaniczny, _cZakład Technologii Maszyn |
||
| 700 |
_aKOCHANIEWICZ, Tadeusz. _d1986 - 1996. _bWyższa Szkoła Inżynierska w Koszalinie - Wydział Mechaniczny, _cZakład Technologii Maszyn |
||
| 700 |
_aŁUKIANOWICZ, Czesław. _d1973 - 1996. _bWyższa Szkoła Inżynierska w Koszalinie - Wydział Mechaniczny, _cZakład Technologii Maszyn |
||
| 700 |
_aRANISZEWSKI, Janusz. _d1984 - 1996. _bWyższa Szkoła Inżynierska w Koszalinie - Wydział Mechaniczny, _cZakład Technologii Maszyn |
||
| 700 |
_aWARDECKI, Marek. _d1972 - 1996. _bWyższa Szkoła Inżynierska w Koszalinie - Wydział Mechaniczny, _cZakład Technologii Maszyn |
||
| 942 |
_cMN _2UKD |
||
| 999 |
_c1981 _d1981 |
||